1777 1868 1023 1358 1569 1511 1898 1671 1355 1714 1057 1428 1401 1792 1559 1335 1797 1720 1077 1468 1890 1199 1583 1663 1077 1500 1290 1054 1096 1805 1147 1992 1343 1765 1790 1065 1212 1465 1136 1733 1505 1349 1162 1486 1250 1915 1431 1341 1618 1193 1338 1086 1525 1346 1680 1875 1312 1980 1628 1733 1757 1275 1553 1962 1723 1578 1415 1612 1215 1601 1037 1079 1701 1824 1524 1206 1204 1468 1098 1928 1585 1882 1170 1941 1452 1280 1017 1838 1418 1046 1218 1221 1734 1179 1118 1652 1614 1704 1027 BCNSPRNW ULIB Ver.6.0+V

เปลี่ยนเป็นภาษาไทย

Change to English
 แสดงรายละเอียดบรรณานุกรม
  กลับหน้าหลัก

Brief Record : Get Marc (ISO 2709) : E-mail record : QR code < ปิดหน้าต่าง
LEADER : 00000nam 2200000uu 4500
001    13399127087
003     ULIB
008    191010s2560||||th 000 0 tha d
020    ^a9786162321733
060    ^aWS103^bฌ-ห
100    ^aเฌอ
245    ^aเหลืองอร่ามรวมใจ นิทานคำสอนของพ่อ (หลวง) ชุดท ที่ 2 เล่ม 1 (สองภาษา ไทย-อังกฤษ)
250    ^aพิมพ์ครั้งที่ 1
260    ^aกรุงเทพฯ :^bบริษัท บีเวล พับลิชชิ่ง จำกัด,^c2560
300    ^a12 หน้า;^b19 ซม.
650    ^aเด็ก^xการเรียนการสอน
945    ^p35^l0^i006275
999    ^aประนอม เกษจรัล
รายการนี้ยังไม่มีแท็ก
คุณยังไม่ได้ล็อกอิน คุณสามารถมีกิจกรรมร่วมกับเว็บไซต์ได้ แต่ต้องล็อกอินก่อน ::
  ล็อกอิน

รายการสื่อสารสนเทศ

ลำดับที่ ประเภท เลขเรียก/บาร์โค้ด สถานที่ สถานะ
1. วิทยาศาสตร์การแพทย์ และสุขภาพ
วิทยาศาสตร์การแพทย์ และสุขภาพ
WS103 ฌ-ห ฉ.1 
  Barcode: 006275
ห้องสมุดวิทยาเขตสวรรค์ประชารักษ์
►หนังสือทั่วไป
บนชั้น

รายการใกล้เคียง
    ผู้แต่ง [เฌอ]

BibComment


ยังไม่เคยถูกคอมเมนท์

คอมเมนท์ทรัพยากรรายการนี้
  คอมเมนท์: เหลืองอร่ามรวมใจ..


 Copyright 2026. Bcnsprnw @Library